<?xml version="1.0" encoding="UTF-8"?>
<record
    xmlns:xsi="http://www.w3.org/2001/XMLSchema-instance"
    xsi:schemaLocation="http://www.loc.gov/MARC21/slim http://www.loc.gov/standards/marcxml/schema/MARC21slim.xsd"
    xmlns="http://www.loc.gov/MARC21/slim">

  <leader>02434nam a22002897i 4500</leader>
  <controlfield tag="003">Do-SdINT</controlfield>
  <controlfield tag="005">20250604133806.0</controlfield>
  <controlfield tag="008">040225s2024    ag      s    |||| 0|spa d</controlfield>
  <datafield tag="040" ind1=" " ind2=" ">
    <subfield code="a">DO-SdINT</subfield>
    <subfield code="e">rda</subfield>
    <subfield code="b">spa</subfield>
    <subfield code="c">DO-SdINT</subfield>
  </datafield>
  <datafield tag="072" ind1=" " ind2=" ">
    <subfield code="a">CSH</subfield>
  </datafield>
  <datafield tag="082" ind1=" " ind2=" ">
    <subfield code="a">371.33/I59g</subfield>
    <subfield code="2">21</subfield>
  </datafield>
  <datafield tag="110" ind1=" " ind2=" ">
    <subfield code="a">Instituto Latinoamericano de Desarrollo Profesional Docente</subfield>
    <subfield code="4">aut.</subfield>
    <subfield code="9">109372</subfield>
    <subfield code="e">autor</subfield>
  </datafield>
  <datafield tag="245" ind1="1" ind2="0">
    <subfield code="a">Tecnolog&#xED;as exponenciales, emergentes y convergentes :</subfield>
    <subfield code="b">de la innovaci&#xF3;n a la transformaci&#xF3;n global de la sociedad /</subfield>
  </datafield>
  <datafield tag="264" ind1=" " ind2=" ">
    <subfield code="a">Buenos Aires, Argentina : </subfield>
    <subfield code="b">Instituto Latinoamericano de Desarrollo Profesional Docente,</subfield>
    <subfield code="c">2024</subfield>
  </datafield>
  <datafield tag="300" ind1=" " ind2=" ">
    <subfield code="a">1 recurso en l&#xED;nea (140 p&#xE1;ginas)</subfield>
  </datafield>
  <datafield tag="336" ind1=" " ind2=" ">
    <subfield code="a">texto</subfield>
    <subfield code="b">txt</subfield>
    <subfield code="2">rdacontent</subfield>
  </datafield>
  <datafield tag="337" ind1=" " ind2=" ">
    <subfield code="a">computadora</subfield>
    <subfield code="b">c</subfield>
    <subfield code="2">rdamedia</subfield>
  </datafield>
  <datafield tag="338" ind1=" " ind2=" ">
    <subfield code="a">recurso en l&#xED;nea</subfield>
    <subfield code="b">c</subfield>
    <subfield code="2">rdacarrier</subfield>
  </datafield>
  <datafield tag="347" ind1=" " ind2=" ">
    <subfield code="a">archivo de texto</subfield>
    <subfield code="b">PDF</subfield>
    <subfield code="2">rda</subfield>
  </datafield>
  <datafield tag="490" ind1=" " ind2=" ">
    <subfield code="a">Inteligencia artificial en la educaci&#xF3;n ;</subfield>
  </datafield>
  <datafield tag="505" ind1=" " ind2=" ">
    <subfield code="a">Primera parte: Fundamentos de las Tecnolog&#xED;as exponenciales. Las revoluciones industriales 9 -- Tecnolog&#xED;as exponenciales, emergentes y convergentes 15 -- La Ley de Moore y m&#xE1;s all&#xE1; 23 -- Las 6 D de las Tecnolog&#xED;as exponenciales 27 -- Segunda parte: Las Tecnolog&#xED;as exponenciales en detalle. Inteligencia Artificial 31 -- Big Data y An&#xE1;lisis predictivo 45 -- Internet de las Cosas (IoT) 49 -- Biotecnolog&#xED;a y Gen&#xF3;mica 53 -- Nanotecnolog&#xED;a y Ciencia de los materiales 59 -- Blockchain y Criptomonedas 61 -- Realidad Virtual y Aumentada 65 -- Rob&#xF3;tica y Automatizaci&#xF3;n 69 -- Impresi&#xF3;n 3D y Cultura Maker 73 -- Computaci&#xF3;n Cu&#xE1;ntica 77 -- Neurociencia y Tecnolog&#xED;as Cognitivas 81 -- Tercera parte: El futuro de las Tecnolog&#xED;as exponenciales. El futuro de la movilidad: veh&#xED;culos aut&#xF3;nomos 87 -- Energ&#xED;a y medio ambiente 91 -- Salud y medicina del futuro 95 -- Educaci&#xF3;n y tecnolog&#xED;as exponenciales 99 -- Ciberseguridad en la era digital 103 -- Econom&#xED;a digital y FinTech 107 -- Tecnolog&#xED;as verdes y sostenibilidad 111 -- Tecnolog&#xED;as de la comunicaci&#xF3;n y 5G/6G 115 --Internet de los Sentidos (IoS) 119 -- Realidad Extendida, Metaverso y Mundos virtuales -- 123 -- Hacia una sociedad exponencial -- 127</subfield>
  </datafield>
  <datafield tag="506" ind1="0" ind2=" ">
    <subfield code="a">Open Access</subfield>
  </datafield>
  <datafield tag="650" ind1=" " ind2="0">
    <subfield code="a">Tecnolog&#xED;as disruptivas</subfield>
    <subfield code="2">ARMARC</subfield>
    <subfield code="9">109371</subfield>
  </datafield>
  <datafield tag="650" ind1=" " ind2="7">
    <subfield code="a">Innovaciones tecnol&#xF3;gicas</subfield>
    <subfield code="2">ARMARC</subfield>
    <subfield code="9">34245</subfield>
  </datafield>
  <datafield tag="856" ind1=" " ind2=" ">
    <subfield code="y">Acceso a Texto Completo</subfield>
    <subfield code="u">https://opacbiblioteca.intec.edu.do/opac-tmpl/files/recursoselectronicos/Tecnologiasexponenciales.pdf</subfield>
  </datafield>
  <datafield tag="942" ind1=" " ind2=" ">
    <subfield code="c">E-BOOK</subfield>
    <subfield code="2">ddc</subfield>
  </datafield>
  <datafield tag="999" ind1=" " ind2=" ">
    <subfield code="c">13434</subfield>
    <subfield code="d">13434</subfield>
  </datafield>
  <datafield tag="952" ind1=" " ind2=" ">
    <subfield code="0">0</subfield>
    <subfield code="1">0</subfield>
    <subfield code="2">ddc</subfield>
    <subfield code="4">0</subfield>
    <subfield code="7">0</subfield>
    <subfield code="a">IDEICE</subfield>
    <subfield code="b">IDEICE</subfield>
    <subfield code="d">2025-05-20</subfield>
    <subfield code="l">0</subfield>
    <subfield code="o">371.33/I59g</subfield>
    <subfield code="r">2025-05-20 10:53:04</subfield>
    <subfield code="w">2025-05-20</subfield>
    <subfield code="y">LIB</subfield>
  </datafield>
</record>
